=LDR 00000nam 2200000 4500 =001 INLIS000000000043929 =005 20131008104002 =008 ***********************************ind** =035 ##$$0010-101300000001851 =041 ##$$a ind =082 ##$$a 158.1 =090 ##$$a 158.1, Sur f =100 ##$$a Suryomentaram, Ki Ageng =245 ##$$a Falsfah hidup bahagia, Jalan menuju aktualisasi diri, Ki Ageng Suryo Mentaram; penyunting S Darwin =260 ##$$a 2002 $b Jakarta =300 ##$$a ...Jilid, 21 cm =650 ##$$a Filsafat =850 ##$$a NBPNMAT